Gempa bumi

Bibliographic Details
Main Author: Martin, Fred
Other Authors: Abdul Wahab bin Haji Othman
Format: Book
Published: Kuala Lumpur : Dewan Bahasa dan Pustaka , 1999
Series:Bencana Alam
Subjects:

MARC

LEADER 00000cam a2200000 7i4500
001 0000019592
005 20070626.0
020 |a 9836259279 
040 |a INS 
090 0 0 |a QE521.3   |b M37 1999 
100 1 |a Martin, Fred 
245 1 0 |a Gempa bumi   |c Fred Martin   |f penterjemah Abdul Wahab bin Haji Othman 
260 |a Kuala Lumpur :   |b Dewan Bahasa dan Pustaka ,   |c 1999 
300 |a 48 ms. :   |b ill., pic., col. ;   |c 27 cm. 
440 0 |a Bencana Alam 
500 |a Mengandungi indeks 
650 0 0 |a Earthquakers   |x Juvenile literature 
650 0 0 |a Voicanoes   |x Juvenile literature 
700 1 |a Abdul Wahab bin Haji Othman 
999 |a 0000018494   |b BOOK   |c Open Shelf   |e Default branch